[Event "Mumbai Wealth U13 op 5th"]
[White "Garg, Paraj"]
[Black "Bulsara, Yazaan"]
[Site "Mumbai"]
[Round "9"]
[Result "0-1"]
[Date "2020.01.07"]
[WhiteElo "1008"]
[BlackElo "1186"]
[PlyCount "100"]
[EventDate "2019.12.30"]
[EventType "swiss"]
[EventRounds "9"]
[EventCountry "IND"]
[SourceTitle "CBM 194 Extra"]
[Source "ChessBase"]
[SourceDate "2020.03.31"]
[SourceVersion "1"]
[SourceVersionDate "2020.03.31"]
[SourceQuality "1"]

1. e4 e5 2. Nf3 Nc6 3. Bc4 Bc5 4. c3 Nf6 5. d3 d6 6. 0-0 a6 7. a4 0-0 8. Bb3 d5 9. Nbd2 Re8 10. Re1 d4 11. Nf1 Qd6 12. Bc2 Be6 13. Ng3 h6 14. h3 Rad8 15. Nh4 Ne7 16. Qf3 Nh7 17. Nh5 Bc8 18. Bb3 Be6 19. Qg3 g5 20. Bxe6 Qxe6 21. f4 dxc3+ 22. Kh2 exf4 23. Nxf4 Bd6 24. Kh1 Bxf4 25. Bxf4 cxb2 26. Rab1 Kh8 27. Nf5 Nxf5 28. Be5+ Qxe5 29. Qxe5+ Rxe5 30. exf5 Rxe1+ 31. Rxe1 Rxd3 32. Rb1 Rb3 33. Kg1 c5 34. Kf2 c4 35. Ke2 c3 36. Kd1 Ra3 37. Kc2 Ra1 38. a5 Rxb1 39. Kxb1 Nf6 40. g4 Ne4 41. f6 Nf2 42. Kc2 Nxh3 43. Kb1 h5 44. Ka2 hxg4 45. Kb1 g3 46. Kc2 g2 47. Kb1 g1Q+ 48. Kc2 b1Q+ 49. Kxc3 Qe3+ 50. Kc4 Qbb3# 0-1

[Event "Mumbai Wealth U13 op 5th"]
[White "Bulsara, Yazaan"]
[Black "Ram, Vishal Parab"]
[Site "Mumbai"]
[Round "8"]
[Result "0-1"]
[Date "2020.01.06"]
[WhiteElo "1186"]
[BlackElo "1310"]
[PlyCount "140"]
[EventDate "2019.12.30"]
[EventType "swiss"]
[EventRounds "9"]
[EventCountry "IND"]
[SourceTitle "CBM 194 Extra"]
[Source "ChessBase"]
[SourceDate "2020.03.31"]
[SourceVersion "1"]
[SourceVersionDate "2020.03.31"]
[SourceQuality "1"]

1. e4 e5 2. Nf3 Nc6 3. Bc4 Bc5 4. c3 Nf6 5. d3 d6 6. h3 0-0 7. Bb3 a6 8. Nbd2 d5 9. Qe2 Be6 10. 0-0 Nh5 11. Re1 Nf4 12. Qf1 d4 13. c4 Qf6 14. a3 Ne7 15. Bd1 Neg6 16. Kh2 Bd7 17. Nb3 Ba7 18. Ng1 b5 19. g3 bxc4 20. gxf4 cxb3 21. f5 Ne7 22. Bxb3 Nc6 23. Qg2 h6 24. Nf3 Na5 25. Ba2 Ba4 26. b4 Nb3 27. Rb1 Nxc1 28. Rexc1 Bb6 29. Qg6 Kh8 30. Qg3 Rae8 31. Bb3 Bxb3 32. Rxb3 Rg8 33. Qh4 Qxh4 34. Nxh4 Rd8 35. Rb2 a5 36. bxa5 Bxa5 37. Rb5 Bc3 38. Kg2 Rge8 39. Nf3 f6 40. Rcb1 Rc8 41. Kf1 Ra8 42. R5b3 Rec8 43. Ne1 Bxe1 44. Kxe1 c5 45. Ra1 c4 46. dxc4 Rxc4 47. Kd2 Rac8 48. Ra2 Ra8 49. f4 exf4 50. Rf3 Rca4 51. Kc2 d3+ 52. Kxd3 Rd8+ 53. Kc3 Rxe4 54. Rd2 Ra8 55. Kb2 Ra5 56. Rdd3 Rxf5 57. Kb3 g5 58. a4 Ra5 59. Rd6 Rexa4 60. Rf1 Kg7 61. Rc1 Ra6 62. Rd7+ Kg6 63. Rcc7 Ra3+ 64. Kc4 Rxh3 65. Kd4 Ra4+ 66. Kd5 Rd3+ 67. Kc5 Rxd7 68. Rxd7 f3 69. Rd2 g4 70. Kb5 Rf4 0-1

[Event "Mumbai Wealth op U13 4th"]
[White "Bulsara, Yazaan"]
[Black "Vedant, Mistry"]
[Site "Mumbai"]
[Round "9"]
[Result "0-1"]
[Date "2019.01.07"]
[WhiteElo "1244"]
[BlackElo "1075"]
[PlyCount "48"]
[EventDate "2018.12.30"]
[EventType "swiss"]
[EventRounds "9"]
[EventCountry "IND"]
[SourceTitle "CBM 188 Extra"]
[Source "ChessBase"]
[SourceDate "2019.02.28"]
[SourceVersion "1"]
[SourceVersionDate "2019.02.28"]
[SourceQuality "1"]

1. e4 e5 2. Nf3 Nc6 3. Bc4 Bc5 4. c3 Nf6 5. d3 d6 6. 0-0 a6 7. Re1 Ba7 8. Bg5 h6 9. Bh4 g5 10. Bg3 Na5 11. Bb3 Nxb3 12. Qxb3 Nh5 13. Qd1 Nxg3 14. hxg3 Bg4 15. Nbd2 Qf6 16. Qa4+ Bd7 17. Qc4 0-0-0 18. d4 g4 19. dxe5 dxe5 20. Nxe5 Bxf2+ 21. Kh2 Qxe5 22. Nf3 gxf3 23. gxf3 Qxg3+ 24. Kh1 Qh3# 0-1

[Event "Mumbai Wealth op U13 4th"]
[White "Laddha, Yash Jayesh"]
[Black "Bulsara, Yazaan"]
[Site "Mumbai"]
[Round "6"]
[Result "1-0"]
[Date "2019.01.04"]
[WhiteElo "1449"]
[BlackElo "1244"]
[PlyCount "143"]
[EventDate "2018.12.30"]
[EventType "swiss"]
[EventRounds "9"]
[EventCountry "IND"]
[SourceTitle "CBM 188 Extra"]
[Source "ChessBase"]
[SourceDate "2019.02.28"]
[SourceVersion "1"]
[SourceVersionDate "2019.02.28"]
[SourceQuality "1"]

1. e4 e5 2. Nf3 Nc6 3. Bb5 a6 4. Ba4 Nf6 5. 0-0 Be7 6. Re1 d6 7. h3 Be6 8. c3 b5 9. Bc2 0-0 10. d4 exd4 11. cxd4 Nb4 12. a3 Nxc2 13. Qxc2 Rc8 14. Ng5 h6 15. Nxe6 fxe6 16. e5 dxe5 17. dxe5 Nd5 18. Qg6 Kh8 19. Rd1 Bc5 20. Bxh6 Bxf2+ 21. Kh1 Qe7 22. Bg5 Qf7 23. Qxf7 Rxf7 24. Nd2 Bd4 25. Rab1 Bxe5 26. Re1 Bf4 27. Bxf4 Nxf4 28. Ne4 Rd7 29. Nc5 Rd6 30. Re4 Nd3 31. Nxd3 Rxd3 32. Rxe6 Rd6 33. Rbe1 Kg8 34. Re7 Rd2 35. R1e6 Rd6 36. Kh2 Rcd8 37. Rxd6 cxd6 38. Ra7 d5 39. Rxa6 Kf7 40. Kg3 d4 41. Kf2 Rc8 42. Kf3 Rc2 43. b4 d3 44. Rd6 Rc3 45. Ke3 Rxa3 46. Rxd3 Ra4 47. Rb3 Ra2 48. g4 Rh2 49. Kd4 Re2 50. Re3 Rc2 51. Rc3 Re2 52. Kc5 Re5+ 53. Kb6 Kg6 54. Rc6+ Kf7 55. Rc5 Re3 56. Rh5 g6 57. Rxb5 Rxh3 58. Rc5 Rh4 59. Rc4 Kf6 60. b5 Kg5 61. Kc6 Rh8 62. b6 Rc8+ 63. Kb5 Rb8 64. Rc6 Kxg4 65. Rxg6+ Kf5 66. Rc6 Ke5 67. Kc5 Rd8 68. b7 Rb8 69. Kb6 Rd8 70. Rc8 Rd1 71. b8Q+ Rd6+ 72. Kc5 1-0